| 000 | 00888nam a22002537a 4500 | ||
|---|---|---|---|
| 999 |
_c330760 _d330760 |
||
| 003 | NUST | ||
| 005 | 20170803154550.0 | ||
| 008 | 170515b xxu||||| |||| 00| 0 eng d | ||
| 020 | _a9693516370 | ||
| 040 | _cNUST | ||
| 082 |
_a891.4392 _bAHM |
||
| 100 |
_aAhmad, Ashfaq _9677 |
||
| 245 |
_aShehr -e arzoo _cby Ashfaq Ahmad |
||
| 260 |
_aLahore: _bSang-e- Meel Publications, _c2005 |
||
| 300 | _a375 p. | ||
| 500 | _aDrama | ||
| 546 | _aIn Urdu | ||
| 650 |
_aPunjabi Literature _vDrama _9684 |
||
| 880 |
_6100-01\(3\r _aاشفاق احمد |
||
| 880 |
_6245-02\(3\r _aشہر آرزو _cاشفاق احمد |
||
| 880 |
_6260-03\(3\r _aلاہور: _bسنگ میل پبلی کیشنز، _c2005 |
||
| 942 |
_2ddc _cBK |
||